<?xml version="1.0" encoding="UTF-8"?>
<record
    xmlns:xsi="http://www.w3.org/2001/XMLSchema-instance"
    xsi:schemaLocation="http://www.loc.gov/MARC21/slim http://www.loc.gov/standards/marcxml/schema/MARC21slim.xsd"
    xmlns="http://www.loc.gov/MARC21/slim">

  <leader>01094nam a22002297a 4500</leader>
  <controlfield tag="005">20130722105743.0</controlfield>
  <controlfield tag="008">130722b2010    ck ||||| |||| 00| 0 spa d</controlfield>
  <datafield tag="041" ind1=" " ind2=" ">
    <subfield code="a">spa</subfield>
  </datafield>
  <datafield tag="044" ind1=" " ind2=" ">
    <subfield code="a">ck</subfield>
  </datafield>
  <datafield tag="082" ind1=" " ind2=" ">
    <subfield code="a">745.5</subfield>
    <subfield code="b">C822p</subfield>
  </datafield>
  <datafield tag="245" ind1=" " ind2=" ">
    <subfield code="a">Producci&#xF3;n, capacitaci&#xF3;n y comercializaci&#xF3;n de artesan&#xED;as ind&#xED;genas y tradicionales populares de los departamentos de Amazonas, Caquet&#xE1; y Putumayo /</subfield>
    <subfield code="b">Fase II - Informe de resultados</subfield>
  </datafield>
  <datafield tag="260" ind1=" " ind2=" ">
    <subfield code="a">Bogot&#xE1; :</subfield>
    <subfield code="b">Artesan&#xED;as de Colombia</subfield>
    <subfield code="b">CORPOAMAZONIAS</subfield>
    <subfield code="c">[2010]. </subfield>
  </datafield>
  <datafield tag="300" ind1=" " ind2=" ">
    <subfield code="a">23 p. </subfield>
    <subfield code="b">il. </subfield>
    <subfield code="c">28 cm. </subfield>
  </datafield>
  <datafield tag="500" ind1=" " ind2=" ">
    <subfield code="a">Informe de resultados del proyecto.</subfield>
  </datafield>
  <datafield tag="650" ind1=" " ind2="6">
    <subfield code="a">Artesan&#xED;as</subfield>
    <subfield code="z">Amazonas (Colombia)</subfield>
    <subfield code="z">Caquet&#xE1; (Colombia)</subfield>
    <subfield code="z">Putumayo (Colombia)</subfield>
    <subfield code="9">690</subfield>
  </datafield>
  <datafield tag="650" ind1=" " ind2="6">
    <subfield code="a">Amazonas (Colombia)</subfield>
    <subfield code="x">Aspectos econ&#xF3;micos</subfield>
    <subfield code="x">Aspectos sociales</subfield>
    <subfield code="9">691</subfield>
  </datafield>
  <datafield tag="650" ind1=" " ind2="6">
    <subfield code="a">Caquet&#xE1; (Colombia)</subfield>
    <subfield code="x">Aspectos econ&#xF3;micos</subfield>
    <subfield code="x">Aspectos sociales</subfield>
    <subfield code="9">692</subfield>
  </datafield>
  <datafield tag="650" ind1=" " ind2="6">
    <subfield code="a">Putumayo (Colombia)</subfield>
    <subfield code="x">Aspectos econ&#xF3;micos</subfield>
    <subfield code="x">Aspectos sociales</subfield>
    <subfield code="9">693</subfield>
  </datafield>
  <datafield tag="710" ind1=" " ind2=" ">
    <subfield code="a">Artesan&#xED;as de Colombia</subfield>
    <subfield code="9">694</subfield>
  </datafield>
  <datafield tag="710" ind1=" " ind2=" ">
    <subfield code="a">Corporaci&#xF3;n para el desarrollo sostenible del Sur de la Amazon&#xED;a - CORPOAMAZONIA</subfield>
    <subfield code="9">695</subfield>
  </datafield>
  <datafield tag="942" ind1=" " ind2=" ">
    <subfield code="2">ddc</subfield>
    <subfield code="c">IMPRESO</subfield>
  </datafield>
  <datafield tag="999" ind1=" " ind2=" ">
    <subfield code="c">7405</subfield>
    <subfield code="d">7405</subfield>
  </datafield>
  <datafield tag="952" ind1=" " ind2=" ">
    <subfield code="0">0</subfield>
    <subfield code="1">0</subfield>
    <subfield code="2">ddc</subfield>
    <subfield code="4">0</subfield>
    <subfield code="7">0</subfield>
    <subfield code="8">GENERAL</subfield>
    <subfield code="I">INV2017</subfield>
    <subfield code="a">Bogota</subfield>
    <subfield code="b">Bogota</subfield>
    <subfield code="d">2013-07-22</subfield>
    <subfield code="e">Instituto</subfield>
    <subfield code="g">39000.00</subfield>
    <subfield code="l">0</subfield>
    <subfield code="o">LB 745.5 C822p</subfield>
    <subfield code="p">028320</subfield>
    <subfield code="r">2013-07-22 00:00:00</subfield>
    <subfield code="t">Ej. 1</subfield>
    <subfield code="w">2013-07-22</subfield>
    <subfield code="y">LIBRO</subfield>
  </datafield>
</record>
